Scientific project management: aspects of cost and time overruns in infrastructure projects (Record no. 489440)

000 -LEADER
fixed length control field 00510cam a22001457a 4500
008 - FIXED-LENGTH DATA ELEMENTS--GENERAL INFORMATION
fixed length control field 180718b2000 xxu||||| |||| 00| 0 eng d
082 ## - DEWEY DECIMAL CLASSIFICATION NUMBER
Classification number APPPA 99-2000 SIN
100 ## - MAIN ENTRY--PERSONAL NAME
Personal name Singh, N.L.
245 ## - TITLE STATEMENT
Title Scientific project management: aspects of cost and time overruns in infrastructure projects
Statement of responsibility, etc. by N.L. Singh
260 ## - PUBLICATION, DISTRIBUTION, ETC.
Place of publication, distribution, etc. New Delhi
Name of publisher, distributor, etc. Indian Institute of Public Administration
Date of publication, distribution, etc. 2000
300 ## - PHYSICAL DESCRIPTION
Extent 103p.
650 ## - SUBJECT ADDED ENTRY--TOPICAL TERM
Topical term or geographic name entry element APPPA
650 ## - SUBJECT ADDED ENTRY--TOPICAL TERM
Topical term or geographic name entry element Industrial project management
650 ## - SUBJECT ADDED ENTRY--TOPICAL TERM
Topical term or geographic name entry element Infrastructure (Economics) - India
Holdings
Withdrawn status Lost status Damaged status Not for loan Permanent Location Current Location Date acquired Full call number Barcode Checked out Date last seen Price effective from Koha item type
        Indian Institute of Public Administration Indian Institute of Public Administration 2018-08-04 APPPA 99-2000 SIN GR15129 2016-09-30 2018-08-04 2018-08-04 GR

Powered by Koha